000 00636nam a2200241Ia 4500
003 OSt
005 20220925220628.0
006 a|||||r|||| 00| 0
007 ta
008 220923b |||||||| |||| 00| 0 eng d
037 _cGeneral Book
040 _aRTL
_cRTL
_beng
041 _2eng
_aeng
082 _aW:91, L8
100 _aHermet Guy
_9258222
245 0 _aElections without choice
260 _aLondon
_bMacmillan
_c1978
300 _axi,250p
_ccm.
650 _aImperialism
700 _a Rose Richard
_920530
942 _hW:91, L8
_cGB
_2CC
999 _c571951
_d571951